AIS MISON Příručka pro uživatele

Salvato in:
Dettagli Bibliografici
Autore principale: Jiráková, Věra
Natura: Libro
Lingua:ceco
Pubblicazione: Praha Ústředí vědeckých, technických a ekonomických informací 1986
Serie:Československé středisko automatizované výměny informací
Tags: Aggiungi Tag
Nessun Tag, puoi essere il primo ad aggiungerne!!

MARC

LEADER 00000nam a2200000 4500
001 c024489
005 20250926120925.3
041 0 |a cze 
044 |a CZ 
245 1 0 |a AIS MISON  |b Příručka pro uživatele  |c Věra Jiráková 
264 1 |a Praha  |b Ústředí vědeckých, technických a ekonomických informací  |c 1986 
300 |a 49 s. 
490 1 |a Československé středisko automatizované výměny informací 
830 0 |a Československé středisko automatizované výměny informací 
100 1 |a Jiráková, Věra